• 首页
  • 本馆介绍
  • 公告通知
  • 最新文献
  • 馆藏检索
  • 电子资源
  • 读者导购
  • 参考咨询
  • 我的图书馆
  • 登录
  • 详细信息显示
  • 放入我的书架
  • 预约/预借图书
  • 作者相关作品
  • 分类相关作品
  • 丛书相关作品
  • 出版社相关作品

书目信息

  • 表格格式
  • 工作单格式
  • 卡片格式
题名:
中国琵琶经典名曲演奏指导
    
 
作者: 周丽娟 编著
分册:  
出版信息: 上海   上海音乐出版社  2014
页数: 156页, [1] 叶图版
开本: 29cm
丛书名:
单 册:
中图分类: J648.33
科图分类:
主题词: 琵琶--pi pa--器乐曲--作品集--中国
电子资源:
ISBN: 978-7-5523-0547-0
000 01066nam0 2200229 450
001 340437
005 20150625155939.81
010    @a978-7-5523-0547-0@dCNY38.00
100    @a20140807d2014 em y0chiy50 ea
101 0  @achi
102    @aCN@b310000
105    @aafg z 000yy
106    @ar
200 1  @a中国琵琶经典名曲演奏指导@Azhong guo pi pa jing dian ming qu yan zou zhi dao@f周丽娟编著
210    @a上海@c上海音乐出版社@d2014
215    @a156页, [1] 叶图版@c图@d29cm
330    @a本书稿作者收编了琵琶经典曲目20首, 包括《阳春白雪》《高山流水》《十面埋伏》《霸王卸甲》等。作者根据个人的研究经验和体会, 对每首作品进行了详尽的音乐分析和演奏指导。有很强的实用性, 供学习者参考。周丽娟, 上海音乐学院教授、硕士研究生导师, 上海市非物质文化遗产项目“浦东派琵琶演奏技艺”代表性传承人, 中国琵琶研究会长江流域联席会副主席, 上海琵琶学会理事, 上海市非物质文化遗产保护工作专家委员会委员。
606 0  @a琵琶@Api pa@x器乐曲@x作品集@y中国
690    @aJ648.33@v5
701  0 @a周丽娟@Azhou li juan@4编著
801  0 @aCN@b卓展宏图@c20150525
905    @dJ648.33@e187@f4
    
    中国琵琶经典名曲演奏指导/周丽娟编著.-上海:上海音乐出版社,2014
    156页, [1] 叶图版:图;29cm
    
    
    ISBN 978-7-5523-0547-0:CNY38.00
    本书稿作者收编了琵琶经典曲目20首, 包括《阳春白雪》《高山流水》《十面埋伏》《霸王卸甲》等。作者根据个人的研究经验和体会, 对每首作品进行了详尽的音乐分析和演奏指导。有很强的实用性, 供学习者参考。周丽娟, 上海音乐学院教授、硕士研究生导师, 上海市非物质文化遗产项目“浦东派琵琶演奏技艺”代表性传承人, 中国琵琶研究会长江流域联席会副主席, 上海琵琶学会理事, 上海市非物质文化遗产保护工作专家委员会委员。
●
相关链接 在E读中查询图书 在五车中查询图书 在当当中查询图书 在豆瓣中查询图书


正题名:中国琵琶经典名曲演奏指导     索取号:J648.33/187         预约/预借

序号 登录号 条形码 馆藏地/架位号 状态 备注
1 865669   208656694   第一样本阅览室/ [索取号:J648.33/187] 在馆    
2 865670   208656701   第一借阅区/ [索取号:J648.33/187] 在馆    
3 865671   208656710   第一借阅区/ [索取号:J648.33/187] 在馆    
4 865672   208656729   密集书库-音乐系/ [索取号:J648.33/187] 在馆    
唐山师范学院图书馆 欢迎您!
大连网信软件有限公司© 版权所有